banner-ar

ثورة الزنج وقائدها على بن محمد (255 - 270 هـ \869 - 883 م) / (Record no. 37747)

MARC details
000 -الفاتح
حقل البيانات ثابتة الطول 00552nam a2200181Ia 4500
008 - عناصر البيانات ثابتة الطول - معلومات عامة
حقل البيانات ثابتة الطول 140319s9999 xx 000 0 ara d
040 ## - مصدر الفهرسة
وكالة الفهرسة الأصلية GCL /
وكالة النسخ GCL
082 04 - رقم تصنيف ديوى العشرى
رقم التصنيف 953.05
رقم المادة ا ك
100 1# - المدخل الرئيسى - إسم شخصى
الإسم الشخصى احمد علبى
245 10 - بيان العنوان
العنوان ثورة الزنج وقائدها على بن محمد (255 - 270 هـ \869 - 883 م) /
بيان المسئوليه,etc احمد علبى
300 ## - الوصف المادى
التعداد 256 ص
490 ## - بيان السلسلة
عنوان السلسلة
650 04 - المدخل الاضافى بالموضوع-مصطلح موضوعى
مصطلح موضوعي التاريخ الاسلامى
650 04 - المدخل الاضافى بالموضوع-مصطلح موضوعى
مصطلح موضوعي الدولة العباسية
650 04 - المدخل الاضافى بالموضوع-مصطلح موضوعى
مصطلح موضوعي ثورة الزنج (255 - 270 هـ)
942 ## - عناصر المدخل الإضافي( كوها)
مصدر التصنيف او مخطط الترفيف Dewey Decimal Classification
Koha [default] item type كتاب
Holdings
حالة التراجع حالة الفقد حالة تلف ليس للاعارة المكان المؤقت الموقع الحالى تاريخ الاكتساب اجمالي اﻻعارات رقم الطلب الباركود تاريخ اخر مشاهدة تاريخ تفعيل السعر نوع وعاء كوها
        مكتبة القاهرة الكبرى مكتبة القاهرة الكبرى 03/26/2014   953.05\ا ك 92164 03/26/2014 03/26/2014 كتاب

Powered By

EGPV